DFB-Pokal - Die beste unterklassige Mannschaft pro Saison - Statistiken

Allgemein
  • Dieses Quiz wurde 39 mal gespielt
  • Das Durchschnittsergebnis liegt bei 5 aus 18
Antwortstatistiken
Saison Liga Pokalrunde Antwort % Korrekt
2024/25 3. Liga Finale Arminia Bielefeld
92%
2023/24 3. Liga Halbfinale 1. FC Saarbrücken
86%
2019/20 Regionalliga Halbfinale 1. FC Saarbrücken
59%
2020/21 Regionalliga Viertelfinale Rot-Weiss Essen
38%
2014/15 3. Liga Halbfinale Arminia Bielefeld
32%
2011/12 Regionalliga Viertelfinale Holstein Kiel
27%
2016/17 3. Liga Viertelfinale Sportfreunde Lotte
27%
2022/23 3. Liga 2. Runde Waldhof Mannheim / SV Elversberg
27%
2013/14 3. Liga Achtelfinale 1. FC Saarbrücken
22%
2010/11 3. Liga Achtelfinale TuS Koblenz / Kickers Offenbach
22%
2012/13 3. Liga Viertelfinale Kickers Offenbach
16%
2021/22 3. Liga Achtelfinale TSV 1860 München
16%
Regionalliga 2. Runde Chemie Leipzig / SSV Ulm 1846 / SV Rödinghausen / Weiche Flensburg
14%
2018/19 3. Liga 2. Runde Hansa Rostock / Wehen Wiesbaden
14%
Regionalliga Achtelfinale SpVgg Unterhaching
14%
2015/16 3. Liga Achtelfinale Erzgebirge Aue
11%
2017/18 3. Liga Viertelfinale SC Paderborn
11%
Regionalliga 2. Runde VfB Lübeck / Stuttgarter Kickers
8%
Keine übereinstimmenden Quizze gefunden
Verteilung der Resultate
Anzahl Personen mit jedem Resultat
Perzentil nach korrekt beantworteten Fragen
Ihre Resultats-Entwicklung
Sie haben dieses Quiz noch nicht gespielt